| 000 | 00705cab a2200217 4500 | ||
|---|---|---|---|
| 001 | WB2834-08 | ||
| 008 | 090401t1992 xxu||||| |||| 00| 0 eng d | ||
| 035 | _a(Sirsi) u386 | ||
| 041 | _aeng | ||
| 245 | _aDoE threat to council building | ||
| 260 | _c1992 | ||
| 350 | _a0 | ||
| 490 |
_aArchitects` Journal _v196(9) 2 September 1992, 6(1) |
||
| 520 | _aCouncils face a reduction in capital expenditure of as much as 75% next year and are warned not to proceed with building projects that are not already committed. | ||
| 650 | _aCAPITAL EXPENDITURE | ||
| 650 | _aCONSTRUCTION PROJECTS | ||
| 650 | _aLOCAL AUTHORITIES | ||
| 690 | _aPROPERTY-PROPERTY DEVELOPMENT | ||
| 942 | _n0 | ||
| 948 | _c04/03/1997 | ||
| 999 |
_c154 _d154 |
||